Využívanie internetových zdrojov pri výučbe umelej inteligencie a teórie automatov
Vysvetlenie pojmov umelá inteligencia a teória automatov. Využívanie internetových zdrojov v elektronickom vzdelávaní. Videá firmy Aldebaran - jeden z najobľúbenejších zdrojov u študentov.
Salvato in:
| Autore principale: | |
|---|---|
| Natura: | Capitolo di libro |
| Lingua: | slovacco |
| Soggetti: | |
| Tags: |
Nessun Tag, puoi essere il primo ad aggiungerne!!
|
MARC
| LEADER | 00000nla a2200000 4500 | ||
|---|---|---|---|
| 001 | 0167836 | ||
| 005 | 20240502072927.1 | ||
| 041 | 0 | |a slo | |
| 044 | |a SK | ||
| 245 | 1 | 0 | |a Využívanie internetových zdrojov pri výučbe umelej inteligencie a teórie automatov |c Eva Rakovská |
| 520 | |a Vysvetlenie pojmov umelá inteligencia a teória automatov. Využívanie internetových zdrojov v elektronickom vzdelávaní. Videá firmy Aldebaran - jeden z najobľúbenejších zdrojov u študentov. | ||
| 610 | 2 | 0 | |a vzdelávanie elektronické |
| 610 | 2 | 0 | |a vzdelávanie vysokoškolské |
| 610 | 2 | 0 | |a technológie informačné |
| 610 | 2 | 0 | |a technológie komunikačné |
| 610 | 2 | 0 | |a internet |
| 610 | 2 | 0 | |a inteligencia umelá |
| 610 | 2 | 0 | |a roboty |
| 100 | 1 | |a Rakovská, Eva, 1963- | |